| 000 | 00663 a2200193 4500 | ||
|---|---|---|---|
| 999 |
_c111 _d111 |
||
| 008 | 210812b ||||| |||| 00| 0 eng d | ||
| 020 | _a9781408176061 | ||
| 082 | 0 | 0 |
_a623.8503 _bL3998 |
| 100 | _aLavers, Christopher | ||
| 245 |
_aReeds Vol 6: Basic electrotechnology for marine engineers / _cby Christopher Lavers, Edmund G.R. Kraal and Stanley Buyers |
||
| 250 | _a4th ed. | ||
| 260 |
_aLondon: _bAdlard Coles Nautical, _c2013. |
||
| 300 | _axv, 512 p. | ||
| 490 | 0 | _aReeds Marine Engineering and Technology | |
| 650 | 0 | _aBoats and boating-Electric equipments | |
| 700 |
_91274 _aKraal, Edmund G. R. |
||
| 700 |
_95139 _aBuyers, Stanley |
||
| 942 |
_2ddc _cBK |
||